Vlaamse Jeugdbewegingen - Statistieken

Algemene statistieken
  • Deze quiz is 100 keer genomen
  • De gemiddelde score is 4 van 9
Antwoordstatistieken
Ledenaantal Antwoord % Correct
86.000 Chirojeugd Vlaanderen
99%
75.000 Scouts en Gidsen Vlaanderen
98%
35.000 KSJ-KSA-VKSJ Nationaal
87%
22.400 KLJ
80%
? JRK
21%
8.000 FOS Open Scouting
16%
3000 JNM
12%
25.000 IJD
2%
2.600 EJV
1%
Geen overeenkomende quizzen gevonden
Scoreverdeling
Procent van Mensen met Elke Score
Percentiel versus Aantal Correcte Antwoorden
Uw Scoregeschiedenis
U heeft deze quiz nog niet genomen